Blue Planet (Record no. 10302)

MARC details
000 -LEADER
fixed length control field 02461cgm a22004097a 4500
001 - CONTROL NUMBER
control field 12623121
005 - DATE AND TIME OF LATEST TRANSACTION
control field 20240227093613.0
007 - PHYSICAL DESCRIPTION FIXED FIELD--GENERAL INFORMATION
fixed length control field vf|c|ahu|
008 - FIXED-LENGTH DATA ELEMENTS--GENERAL INFORMATION
fixed length control field 011217s1990 xxu042 e vceng d
010 ## -
-- 2001646818
035 ## - SYSTEM CONTROL NUMBER
System control number (OCoLC)ocm42497092
040 ## - CATALOGING SOURCE
Original cataloging agency WaMaS
Transcribing agency OEM
Modifying agency DLC
Description conventions amim
Modifying agency DLC
042 ## -
-- lccopycat
050 00 - LIBRARY OF CONGRESS CALL NUMBER
Classification number VAD 9887 (viewing copy)
082 ## - DEWEY DECIMAL CLASSIFICATION NUMBER
Classification number 910.222
Edition number 22
Item number PLA
245 00 - TITLE STATEMENT
Title Blue Planet
Medium [videorecording] /
Statement of responsibility, etc produced by Graeme Ferguson ; written, edited and narrated by Toni Myers; principal director Ben Burtt; Lockheed Corporation., United States. National Aeronautics and Space Administration. and National Air and Space Museum.
260 ## -
-- Burbank, CA :
-- Warner Home Video, [2001]
-- [2001]
300 ## - PHYSICAL DESCRIPTION
Extent 1 videodisc (ca. 41 min.) :
Other physical details sd., col. ;
Dimensions 4 3/4 in.
336 ## - CONTENT TYPE
Source rdacontent
Content type term text
Content type code txt
337 ## - MEDIA TYPE
Media type term unmediated
Source rdamedia
Media type code n
338 ## - CARRIER TYPE
Carrier type term volume
Carrier type code nc
Source rdacarrier
500 ## - GENERAL NOTE
General note Title from videodisc. Originally released as an IMAX motion picture in 1990. "A presentation of the Smithsonian Institution's National Air and Space Museum and Lockheed Corporation in association with the National Aeronautics and Space Admnistration"--Container.
500 ## - GENERAL NOTE
General note Languages : English, Spanish, French, German, Dutch with subtitles English, French, Greek, Hungarian.
508 ## -
-- Filmed in space by the astronauts ; Associate producer Phyllis Ferguson ; Music by Micky Erbe and Maribeth Solomon.
520 ## - SUMMARY, ETC.
Summary, etc View Earth from space. Orbiting 200 miles above Earth's surface, see familiar landforms: the majestic Himalayas, giant Namib desert sand dunes, jewel-like Caribbean islands. From this unique vantage point see how natural forces - volcanoes, earthquakes and hurricanes - affect our planet, and how a powerful new force - mankind, has begun to alter the face of Earth.
538 ## - SYSTEM DETAILS NOTE
System details note DVD, region 1, full screen (1.33:1) presentation; Dolby Digital 5.1 surround.; Filmed in 70MM IMAX format.
546 ## - LANGUAGE NOTE
Language note nglish, with optional French soundtrack; optional subtitles in English, French, Spanish and Portugese. Closed captioned.
650 #0 - SUBJECT ADDED ENTRY--TOPICAL TERM
Topical term or geographic name as entry element Ecology.
9 (RLIN) 11195
651 #0 - SUBJECT ADDED ENTRY--GEOGRAPHIC NAME
Geographic name Earth
9 (RLIN) 14151
655 #7 - INDEX TERM--GENRE/FORM
Genre/form data or focus term Documentary films
655 #7 - INDEX TERM--GENRE/FORM
Genre/form data or focus term Science films
700 ## - ADDED ENTRY--PERSONAL NAME
9 (RLIN) 14148
Personal name Myers, Toni
700 ## - ADDED ENTRY--PERSONAL NAME
9 (RLIN) 14149
Personal name Ferguson, Graeme
710 2# - ADDED ENTRY--CORPORATE NAME
Corporate name or jurisdiction name as entry element United States
9 (RLIN) 14147
Subordinate unit National Aeronautics and Space Administration
942 ## - ADDED ENTRY ELEMENTS (KOHA)
Source of classification or shelving scheme Dewey Decimal Classification
Koha item type CD | DVD - Movie (NB)
Classification part RDA-MOD
Holdings
Withdrawn status Lost status Source of classification or shelving scheme Damaged status Not for loan Home library Current library Shelving location Date acquired Source of acquisition Total Checkouts Full call number Barcode Date last seen Date checked out Koha item type
    Dewey Decimal Classification     Central Library Central Library Second Floor 17/11/2008 Purchase 4 910.222 PLA 000014241 24/08/2022 04/10/2011 CD | DVD - Movie (NB)